| 000 | 00000nam##2200000za#4500 |
| 001 | 9.700085 |
| 003 | CaOODSP |
| 005 | 20220125145842 |
| 007 | cr ||||||||||| |
| 008 | 150407|1999||||xxc|||||o f|0| 0 eng|d |
| 040 | |aCaOODSP|beng |
| 043 | |an-cn--- |
| 086 | 1 |aD2-347/1999E-PDF |
| 110 | 1 |aCanada. |bDepartment of National Defence. |
| 245 | 10|aEthical decision-making in DND : |h[electronic resource]|bthe development of a measurement instrument : sponsor research report 99-14 / |cby E. Kevin Kelloway, Julian Barling, Steve Harvey, and Major JE Adams-Roy ; [issued by] Director Human Resources Research and Evaluation. |
| 246 | 1 |aBaseline assessment of ethical values in DND, Phase I report |
| 260 | |aOttawa - Ontario : |bNational Defence |c[1999]. |
| 300 | |a37p.|bfig., references, tables |
| 500 | |a"Defence Ethics Program"--p.1 of 37. |
| 590 | |a14-20-Supp|b2014-11-25 |
| 690 | 07|aArmed forces|2gcpds |
| 690 | 07|aDecision making|2gcpds |
| 690 | 07|aEthics|2gcpds |
| 775 | 08|tPrise de décision éthique au sein du MDN : |w(CaOODSP)9.643996 |
| 856 | 40|ahttp://publications.gc.ca|qPDF|s390 KB|uhttps://publications.gc.ca/collections/collection_2014/mdn-dnd/D2-347-1999-eng.pdf |